| 000 | 01020cam a2200217 4500 | ||
|---|---|---|---|
| 001 | ##L133612 | ||
| 008 | 060523n2004 000 0 eng u | ||
| 035 | _a(Sirsi) u133612 | ||
| 041 | 0 | _aeng | |
| 050 | 0 | 4 | _a346.4104342 $2 18 |
| 110 | 2 |
_aRoyal Institution of Chartered Surveyors _94900 |
|
| 245 | 0 | 0 |
_aRenting _bwhat every tenant should know |
| 260 |
_aLondon _bRICS _c2004 |
||
| 300 |
_a1 _ffolded leaflet _c21cm. |
||
| 505 | 2 | _aWhat can you afford? -- The letting and management agent -- When you find a property -- References -- Tenancy agreement and deposit -- Moving in -- Looking after your rented property -- How RICS can help you | |
| 520 | _aProvides advice aimed at the general public on renting a flat or house. | ||
| 651 | 4 |
_aEngland and Wales _y1543- |
|
| 690 | _aPROPERTY-RESIDENTIAL PROPERTY-RESIDENTIAL PROPERTY TENURE-LEASEHOLD RESIDENTIAL PROPERTY | ||
| 856 | 4 | 1 |
_uhttps://www.rics.org/RICSWEB/getpage.aspx?p=z6LTgiFQX0W9D_-shHz4rA _zView the item free of charge at www.rics.org... |
| 942 | _n0 | ||
| 999 |
_c105433 _d105433 |
||